Energy revolutions : (Record no. 751237)
[ view plain ]
| 000 -LEADER | |
|---|---|
| fixed length control field | 01570cam a2200289 i 4500 |
| 020 ## - INTERNATIONAL STANDARD BOOK NUMBER | |
| ISBN | 0745349250 |
| 020 ## - INTERNATIONAL STANDARD BOOK NUMBER | |
| ISBN | 9780745349251 |
| 082 04 - DEWEY DECIMAL CLASSIFICATION NUMBER | |
| Classification number | 333.79 TOK/E |
| Edition number | 23 |
| 100 1# - MAIN ENTRY--AUTHOR NAME | |
| Personal name | Toke, David, |
| 245 10 - TITLE STATEMENT | |
| Title | Energy revolutions : |
| Sub Title | profiteering versus democracy / |
| Statement of responsibility, etc | by David Toke. |
| 260 ## - PUBLICATION, DISTRIBUTION, ETC. (IMPRINT) | |
| Place of publication | . - London |
| Name of publisher | : Pluto press |
| Year of publication | , 2024 |
| 300 ## - PHYSICAL DESCRIPTION | |
| Number of Pages | xiii, 202 pages : |
| Other physical details | illustrations ; |
| 504 ## - BIBLIOGRAPHY, ETC. NOTE | |
| Bibliography, etc | Includes bibliographical references and index. |
| 505 0# - FORMATTED CONTENTS NOTE | |
| Formatted contents note | Preface -- 1. Pathways to Energy Revolutions -- 2. How Neoliberalism Wrecked UK Energy -- and How to Turn Things Around -- 3. The USA and Canada: How Pro-corporate Policies Have Slowed the Energy Revolution -- 4. The EU: Neoliberalism Has Failed, What Could Be Next? -- 5. Getting Green Energy -- 6. Conclusion. |
| 520 ## - SUMMARY, ETC. | |
| Summary, etc | "This book exposes the energy crisis as an inevitable result of an industry run by and for corporate profit. Energy policy was never meant to favour sustainability or energy security - for decades, it has been shaped by corporate interests while hampering renewable alternatives. Now we suffer the consequences."--Page [4] of cover. |
| 650 #0 - SUBJECT ADDED ENTRY--TOPICAL TERM | |
| Topical Term | Energy policy. |
| 650 #0 - SUBJECT ADDED ENTRY--TOPICAL TERM | |
| Topical Term | Energy industries |
| 650 #0 - SUBJECT ADDED ENTRY--TOPICAL TERM | |
| Topical Term | Renewable energy sources |
| 650 #0 - SUBJECT ADDED ENTRY--TOPICAL TERM | |
| Topical Term | Renewable energy sources |
| 650 #0 - SUBJECT ADDED ENTRY--TOPICAL TERM | |
| Topical Term | Renewable energy sources. |
| 650 #6 - SUBJECT ADDED ENTRY--TOPICAL TERM | |
| Topical Term | Énergies renouvelables. |
| 650 #6 - SUBJECT ADDED ENTRY--TOPICAL TERM | |
| Topical Term | Énergies renouvelables |
| 650 #6 - SUBJECT ADDED ENTRY--TOPICAL TERM | |
| Topical Term | Politique énergétique. |
| 650 #6 - SUBJECT ADDED ENTRY--TOPICAL TERM | |
| Topical Term | Industries énergétiques |
| 942 ## - ADDED ENTRY ELEMENTS (KOHA) | |
| Source of classification or shelving scheme | Dewey Decimal Classification |
| Koha item type | Book |
| Withdrawn status | Lost status | Source of classification or shelving scheme | Damaged status | Not for loan | Home Library | Current Location | Date acquired | Full call number | Accession Number | Price effective from | Koha item type |
|---|---|---|---|---|---|---|---|---|---|---|---|
| Dewey Decimal Classification | Dept. of Political Science | Dept. of Political Science | 25/02/2025 | 333.79 TOK/E | POL23756 | 10/09/2025 | Book |
